000 00575nam a2200217 i 4500
001 bg
100 1 _aCHARKIEWICZ, Artur
245 1 0 _aPodręcznik użytkownika Internetu nie tylko dla studentów /
_cArtur Charkiewicz.
260 _aWarszawa :
_bTranslator,
_c1995.
300 _a140 s. ;
_c24 cm.
630 0 9 _aInternet
650 9 _aSieć komputerowa
_xużytkowanie
655 _aPodręczniki
020 _a8386149094
040 _cBPK
041 0 _apl
080 _a681.324
920 _a83-86149-09-4
942 _cKS
008 s pl f |000 0 pol
999 _c6864
_d6864
856 _uhttp://koha.tu.koszalin.pl/cgi-bin/koha/opac-detail.pl?biblionumber=6864
_yKatalog online BPK